[Event "Ghent op 45th"]
[Site "Ghent"]
[Date "2024.07.22"]
[Round "5"]
[White "Van der Stricht, Geert"]
[Black "Pauwels, Xander"]
[Result "1-0"]
[WhiteElo "2301"]
[BlackElo "2066"]
[PlyCount "91"]
[EventDate "2024.07.20"]
[EventType "swiss"]
[EventRounds "9"]
[EventCountry "BEL"]
[SourceTitle "CBM 221 Extra"]
[Source "ChessBase"]
[SourceDate "2024.09.30"]
[SourceVersion "1"]
[SourceVersionDate "2024.09.30"]
[SourceQuality "1"]

1. d4 e6 2. c4 f5 3. g3 Nf6 4. Bg2 Be7 5. Nf3 0-0 6. 0-0 d6 7. b4 Ne4 8. Bb2 a5 9. b5 a4 10. Na3 c6 11. Rc1 Qc7 12. Nd2 Nxd2 13. Qxd2 Nd7 14. bxc6 bxc6 15. Nb5 cxb5 16. Bxa8 bxc4 17. d5 Nb6 18. Bc6 e5 19. e3 Bb7 20. Bxb7 Qxb7 21. Rfd1 Rc8 22. Ba3 Nd7 23. Qb4 Qxb4 24. Bxb4 e4 25. Bc3 Nc5 26. Rb1 Nd3 27. Rd2 Bf6 28. Bxf6 gxf6 29. Rb6 Rc5 30. Rc2 Ne1 31. Rc3 Rxd5 32. Rxc4 Kf7 33. Rb1 Nf3+ 34. Kg2 Rd2 35. Rxa4 Ne5 36. Ra7+ Ke6 37. Rf1 Nd3 38. a4 d5 39. Kg1 Ra2 40. a5 h5 41. a6 f4 42. exf4 d4 43. Ra8 Kf5 44. Rd8 Rxa6 45. Rxd4 Ra3 46. Rd1 1-0

[Event "Blankenberge Flemish op"]
[Site "Blankenberge"]
[Date "2024.04.10"]
[Round "6"]
[White "Pauwels, Xander"]
[Black "Musabayeva, Diana"]
[Result "1-0"]
[WhiteElo "2085"]
[BlackElo "2013"]
[PlyCount "51"]
[EventDate "2024.04.07"]
[EventType "swiss"]
[EventRounds "9"]
[EventCountry "BEL"]
[SourceTitle "EXT 2025"]
[Source "ChessBase"]
[SourceDate "2024.10.14"]
[SourceVersion "1"]
[SourceVersionDate "2024.10.14"]
[SourceQuality "1"]

1. e4 c5 2. Nf3 d6 3. c3 Nf6 4. Bd3 Bg4 5. Bc2 Nc6 6. h3 Bh5 7. d3 e6 8. Nbd2 d5 9. Qe2 Be7 10. Nf1 0-0 11. g4 Bg6 12. Ng3 Qc7 13. Bd2 Bd6 14. 0-0-0 b5 15. h4 h5 16. gxh5 Nxh5 17. Rdg1 Bf4 18. Kb1 Bxg3 19. fxg3 Nxg3 20. Qh2 dxe4 21. dxe4 Bh5 22. Qxg3 Qxg3 23. Rxg3 Rfd8 24. Bc1 c4 25. Nd2 Rd7 26. Rg5 1-0

[Event "Blankenberge Flemish op"]
[Site "Blankenberge"]
[Date "2024.04.09"]
[Round "3"]
[White "Pauwels, Xander"]
[Black "Vandendriessche, Jan"]
[Result "1/2-1/2"]
[WhiteElo "2085"]
[BlackElo "2014"]
[PlyCount "40"]
[EventDate "2024.04.07"]
[EventType "swiss"]
[EventRounds "9"]
[EventCountry "BEL"]
[SourceTitle "EXT 2025"]
[Source "ChessBase"]
[SourceDate "2024.10.14"]
[SourceVersion "1"]
[SourceVersionDate "2024.10.14"]
[SourceQuality "1"]

1. d4 g6 2. c4 Bg7 3. g3 d6 4. Bg2 Nc6 5. Nf3 Bd7 6. Nc3 Qc8 7. 0-0 Bh3 8. Be3 h5 9. Nd5 Bxg2 10. Kxg2 h4 11. Nxh4 e6 12. Nc3 Bf6 13. Nf3 e5 14. h4 exd4 15. Nxd4 Rxh4 16. Nxc6 Qh3+ 17. Kf3 bxc6 18. Qa4 Qg4+ 19. Kg2 Qh3+ 20. Kf3 Qg4+ 1/2-1/2

[Event "Blankenberge Flemish op"]
[Site "Blankenberge"]
[Date "2024.04.08"]
[Round "2"]
[White "Govoreanu, Matei"]
[Black "Pauwels, Xander"]
[Result "1/2-1/2"]
[WhiteElo "2082"]
[BlackElo "2085"]
[PlyCount "41"]
[EventDate "2024.04.07"]
[EventType "swiss"]
[EventRounds "9"]
[EventCountry "BEL"]
[SourceTitle "EXT 2025"]
[Source "ChessBase"]
[SourceDate "2024.10.14"]
[SourceVersion "1"]
[SourceVersionDate "2024.10.14"]
[SourceQuality "1"]

1. e4 c5 2. Nf3 d6 3. d4 cxd4 4. Nxd4 Nf6 5. Nc3 a6 6. Rg1 e5 7. Nb3 Be6 8. g4 d5 9. exd5 Nxd5 10. Nxd5 Qxd5 11. Qxd5 Bxd5 12. Be3 a5 13. 0-0-0 Bc6 14. Bg2 Be7 15. Nc5 b5 16. g5 a4 17. a3 Bxg2 18. Rxg2 Nc6 19. Rd5 Rd8 20. Rxd8+ Kxd8 21. Rg1 1/2-1/2

[Event "Arad op 15th"]
[Site "Arad"]
[Date "2022.08.11"]
[Round "5"]
[White "Pauwels, Xander"]
[Black "Dinca, Ovidiu"]
[Result "1-0"]
[WhiteElo "2040"]
[BlackElo "1831"]
[PlyCount "93"]
[EventDate "2022.08.08"]
[EventType "swiss"]
[EventRounds "9"]
[EventCountry "ROU"]
[SourceTitle "CBM 209 Extra"]
[Source "ChessBase"]
[SourceDate "2022.09.30"]
[SourceVersion "1"]
[SourceVersionDate "2022.09.30"]
[SourceQuality "1"]

1. d4 d5 2. c4 c6 3. Nf3 Nf6 4. g3 Bf5 5. Bg2 Bxb1 6. Rxb1 Qa5+ 7. Bd2 Qxa2 8. c5 b5 9. 0-0 Qa6 10. Qc2 e6 11. b4 Qb7 12. Ne5 Nbd7 13. Nd3 Be7 14. Ra1 0-0 15. Ra3 a6 16. Rfa1 Ra7 17. h3 Rfa8 18. f4 Qc7 19. Nf2 g6 20. Qd3 Bf8 21. g4 Bg7 22. e3 h6 23. Bf3 Kf8 24. Kg2 Ke7 25. Re1 Kd8 26. e4 Kc8 27. e5 Nh7 28. f5 gxf5 29. gxf5 Ng5 30. Bg4 Kb7 31. h4 Ne4 32. Nxe4 dxe4 33. Qxe4 exf5 34. Bxf5 Nf8 35. d5 Re8 36. dxc6+ Qxc6 37. Qxc6+ Kxc6 38. Be4+ Kc7 39. Rf3 Kd8 40. c6 Ng6 41. Bxg6 fxg6 42. Be3 Rae7 43. Bb6+ Kc8 44. Ra3 Bxe5 45. Rxa6 Kb8 46. Bc5 Rf7 47. Bd6+ 1-0

[Event "Ghent op 43rd"]
[Site "Ghent"]
[Date "2022.07.24"]
[Round "9"]
[White "Pauwels, Xander"]
[Black "Flom, Gabriel"]
[Result "0-1"]
[WhiteElo "2040"]
[BlackElo "2410"]
[PlyCount "59"]
[EventDate "2022.07.20"]
[EventType "swiss"]
[EventRounds "9"]
[EventCountry "BEL"]
[SourceTitle "CBM 209 Extra"]
[Source "ChessBase"]
[SourceDate "2022.09.30"]
[SourceVersion "1"]
[SourceVersionDate "2022.09.30"]
[SourceQuality "1"]

1. d4 Nf6 2. c4 c5 3. d5 b5 4. cxb5 a6 5. bxa6 Bxa6 6. Nc3 d6 7. g3 g6 8. Bg2 Bg7 9. Nf3 Nbd7 10. 0-0 0-0 11. Rb1 Qa5 12. Qc2 Bc4 13. Nd2 Nb6 14. Nxc4 Nxc4 15. Bg5 Rfb8 16. Rfc1 Qb4 17. Nd1 Nb6 18. b3 Nbxd5 19. Bd2 Qd4 20. e3 Qe5 21. e4 Nb4 22. Bxb4 Rxb4 23. Ne3 Bh6 24. Nc4 Rxc4 25. Qxc4 Bxc1 26. Rxc1 Rxa2 27. Rb1 Ng4 28. b4 Rxf2 29. Qd3 c4 30. Qd5 0-1

[Event "Ghent Eastman op 42nd"]
[Site "Ghent"]
[Date "2019.07.20"]
[Round "2"]
[White "Pauwels, Xander"]
[Black "Michiels, Bart"]
[Result "0-1"]
[WhiteElo "2061"]
[BlackElo "2563"]
[PlyCount "46"]
[EventDate "2019.07.20"]
[EventType "swiss"]
[EventRounds "9"]
[EventCountry "BEL"]
[SourceTitle "CBM 191 Extra"]
[Source "ChessBase"]
[SourceDate "2019.09.30"]
[SourceVersion "1"]
[SourceVersionDate "2019.09.30"]
[SourceQuality "1"]

1. d4 d6 2. e4 Nf6 3. Nc3 e5 4. Nf3 Nbd7 5. Bc4 Be7 6. 0-0 0-0 7. Qe2 c6 8. a4 a5 9. Rd1 Qb6 10. h3 exd4 11. Nxd4 Nc5 12. e5 dxe5 13. Qxe5 Re8 14. Nf5 Bxf5 15. Qxf5 Qb4 16. Rd4 Ne6 17. Rh4 Rad8 18. Ne4 Qe1+ 19. Kh2 Rd1 20. Bxe6 fxe6 21. Qxe6+ Kf8 22. Bd2 Qg1+ 23. Kg3 Nxe4+ 0-1

[Event "BEL-ch U18"]
[Site "Blankenberge"]
[Date "2017.04.12"]
[Round "6"]
[White "Pauwels, Xander"]
[Black "Capone, Nicola"]
[Result "1/2-1/2"]
[WhiteElo "2064"]
[BlackElo "2349"]
[PlyCount "196"]
[EventDate "2017.04.09"]
[EventType "swiss"]
[EventRounds "9"]
[EventCountry "BEL"]
[SourceTitle "CBM 178 Extra"]
[Source "ChessBase"]
[SourceDate "2017.06.22"]
[SourceVersion "1"]
[SourceVersionDate "2017.06.22"]
[SourceQuality "1"]

1. d4 Nf6 2. c4 e6 3. Nf3 Bb4+ 4. Bd2 Qe7 5. g3 Bxd2+ 6. Qxd2 Nc6 7. Nc3 d5 8. Bg2 dxc4 9. 0-0 0-0 10. Rac1 Rd8 11. Qf4 Rb8 12. Rfd1 Nd5 13. Qe4 b5 14. b3 Bb7 15. Qb1 Nxc3 16. Rxc3 Na5 17. bxc4 Bxf3 18. Bxf3 Nxc4 19. Be4 g6 20. Bd3 Nb6 21. Rdc1 Nd5 22. Rc5 b4 23. Ra5 Qd6 24. Qb2 Nc3 25. a3 Qb6 26. Ra6 Qxd4 27. axb4 Nxe2+ 28. Qxe2 Qxd3 29. Qxd3 Rxd3 30. Rxc7 Rxb4 31. Raxa7 Rf3 32. Kg2 Rf5 33. Rab7 Rxb7 34. Rxb7 Ra5 35. Rb4 Kg7 36. h4 Ra7 37. Kf3 f5 38. Rb3 e5 39. Rc3 Re7 40. Ra3 Kf7 41. Rb3 Rd7 42. Ra3 h6 43. Rb3 Re7 44. Ra3 g5 45. hxg5 hxg5 46. Rb3 Re6 47. Ra3 Kf6 48. Rb3 Ra6 49. Rc3 Rd6 50. Ra3 Kg6 51. g4 fxg4+ 52. Kxg4 Rd4+ 53. Kg3 Kf5 54. f3 Rd1 55. Rb3 Rg1+ 56. Kf2 Rh1 57. Kg3 Rf1 58. Kg2 Rd1 59. Kg3 Rd4 60. Ra3 g4 61. fxg4+ Rxg4+ 62. Kf2 Rh4 63. Rb3 Rh2+ 64. Ke1 Kf4 65. Ra3 Rg2 66. Rb3 Ra2 67. Rc3 Ke4 68. Rb3 Rc2 69. Ra3 Kd4 70. Rh3 Rg2 71. Rb3 Ra2 72. Rh3 Ra5 73. Rg3 Ke4 74. Rb3 Rd5 75. Ke2 Ra5 76. Rh3 Kd4 77. Rg3 Ra2+ 78. Ke1 Rh2 79. Ra3 Kc4 80. Re3 Kd5 81. Ra3 Rh4 82. Ke2 Re4+ 83. Re3 Ra4 84. Rh3 Kd4 85. Rh4+ e4 86. Rh3 Ra2+ 87. Ke1 Ke5 88. Rb3 Kf4 89. Rc3 Rh2 90. Ra3 Kg4 91. Rb3 Rh5 92. Ra3 Rf5 93. Ke2 Rf3 94. Rxf3 exf3+ 95. Kf2 Kf4 96. Kf1 Ke3 97. Ke1 f2+ 98. Kf1 Kf3 1/2-1/2

[Event "EU-ch U16 26th"]
[Site "Prague"]
[Date "2016.08.22"]
[Round "5"]
[White "Pauwels, Xander"]
[Black "Slovak, Kilian"]
[Result "1/2-1/2"]
[WhiteElo "1996"]
[BlackElo "2142"]
[PlyCount "87"]
[EventDate "2016.08.18"]
[EventType "swiss"]
[EventRounds "9"]
[EventCountry "CZE"]
[SourceTitle "CBM 174 Extra"]
[Source "ChessBase"]
[SourceDate "2016.10.10"]
[SourceVersion "1"]
[SourceVersionDate "2016.10.10"]
[SourceQuality "1"]

1. d4 Nf6 2. c4 g6 3. Nc3 Bg7 4. e4 d6 5. Bd3 c5 6. d5 e6 7. Nge2 exd5 8. cxd5 0-0 9. 0-0 a6 10. a4 Nbd7 11. Ng3 Re8 12. a5 Rb8 13. Qe2 b5 14. axb6 Qxb6 15. Ra2 Bb7 16. Be3 Ra8 17. Rfa1 a5 18. f4 Nxd5 19. Nxd5 Bxd5 20. Bc4 Bxc4 21. Qxc4 Nf6 22. h3 h5 23. e5 h4 24. Nf1 dxe5 25. Bxc5 Qb7 26. fxe5 Rxe5 27. Rxa5 Rxa5 28. Rxa5 Re4 29. Qc2 Nh5 30. Ra4 Rxa4 31. Qxa4 Qd5 32. Be3 Bf6 33. Bf2 Qg5 34. Qg4 Qxg4 35. hxg4 Nf4 36. b3 Nd3 37. Be3 Ne5 38. Nh2 Be7 39. Bd4 Nc6 40. Be3 f6 41. Nf3 g5 42. Kf2 Bd6 43. Ke2 Kf7 44. Kd3 1/2-1/2

[Event "BEL-ch U14"]
[Site "Blankenberge"]
[Date "2014.04.19"]
[Round "9"]
[White "Marchal, Laurent"]
[Black "Pauwels, Xander"]
[Result "0-1"]
[WhiteElo "1521"]
[BlackElo "1810"]
[PlyCount "50"]
[EventDate "2014.04.??"]
[EventType "swiss"]
[EventRounds "9"]
[EventCountry "BEL"]
[SourceTitle "EXT 2015"]
[Source "ChessBase"]
[SourceDate "2014.11.20"]
[SourceVersion "1"]
[SourceVersionDate "2014.11.20"]
[SourceQuality "1"]

1. e4 e6 2. d4 d5 3. Nd2 Nf6 4. e5 Nfd7 5. Bd3 c5 6. c3 Nc6 7. Ne2 cxd4 8. cxd4 f6 9. exf6 Nxf6 10. Nf3 Bd6 11. 0-0 Qc7 12. Re1 0-0 13. Bd2 Bd7 14. Rc1 Rac8 15. Nc3 a6 16. Na4 b5 17. Nc5 Bxc5 18. Rxc5 Qd6 19. Qe2 Nxd4 20. Nxd4 Qxc5 21. Nxe6 Bxe6 22. Qxe6+ Kh8 23. Qxa6 Ng4 24. Qxb5 Qxf2+ 25. Kh1 Qxd2 0-1

[Event "BEL-ch U14"]
[Site "Blankenberge"]
[Date "2014.04.14"]
[Round "3"]
[White "De Borggraef, Leon"]
[Black "Pauwels, Xander"]
[Result "1/2-1/2"]
[WhiteElo "1588"]
[BlackElo "1810"]
[PlyCount "35"]
[EventDate "2014.04.??"]
[EventType "swiss"]
[EventRounds "9"]
[EventCountry "BEL"]
[SourceTitle "EXT 2015"]
[Source "ChessBase"]
[SourceDate "2014.11.20"]
[SourceVersion "1"]
[SourceVersionDate "2014.11.20"]
[SourceQuality "1"]

1. e4 e6 2. d4 d5 3. exd5 exd5 4. c4 Nf6 5. Nc3 Bb4 6. Nf3 0-0 7. Be3 Bg4 8. a3 Bxc3+ 9. bxc3 Nc6 10. Bd3 dxc4 11. Bxc4 Nd5 12. Rc1 Nxe3 13. fxe3 Qe7 14. Qd2 Qxa3 15. 0-0 Qd6 16. Ng5 Bh5 17. Qf2 Nd8 18. Qh4 1/2-1/2

[Event "NED-ch U14 op"]
[Site "Borne"]
[Date "2013.08.10"]
[Round "9"]
[White "Luiten, Reinier"]
[Black "Pauwels, Xander"]
[Result "1-0"]
[WhiteElo "1548"]
[BlackElo "1731"]
[PlyCount "31"]
[EventDate "2013.08.05"]
[EventType "swiss"]
[EventRounds "9"]
[EventCountry "NED"]
[SourceTitle "EXT 2015"]
[Source "ChessBase"]
[SourceDate "2014.11.20"]
[SourceVersion "1"]
[SourceVersionDate "2014.11.20"]
[SourceQuality "1"]

1. d4 Nf6 2. c4 e6 3. e3 b6 4. Nf3 Bb7 5. Be2 Be7 6. 0-0 0-0 7. Nc3 d5 8. cxd5 Nxd5 9. Nxd5 Bxd5 10. b3 Nd7 11. Bb2 Bf6 12. Qd2 c5 13. Rac1 cxd4 14. Bxd4 e5 15. Bc3 Re8 16. Qxd5 1-0

[Event "NED-ch U14 op"]
[Site "Borne"]
[Date "2013.08.05"]
[Round "1"]
[White "Van Harten, Lucas"]
[Black "Pauwels, Xander"]
[Result "0-1"]
[WhiteElo "1118"]
[BlackElo "1731"]
[PlyCount "66"]
[EventDate "2013.08.05"]
[EventType "swiss"]
[EventRounds "9"]
[EventCountry "NED"]
[SourceTitle "EXT 2015"]
[Source "ChessBase"]
[SourceDate "2014.11.20"]
[SourceVersion "1"]
[SourceVersionDate "2014.11.20"]
[SourceQuality "1"]

1. e4 e6 2. d4 d5 3. e5 c5 4. Nf3 Nc6 5. Bb5 Qb6 6. Bxc6+ bxc6 7. Nc3 Ba6 8. b3 cxd4 9. Nxd4 Bb4 10. Bb2 c5 11. Nde2 d4 12. 0-0 Bxc3 13. Bxc3 dxc3 14. Re1 Rd8 15. Qc1 Bxe2 16. Rxe2 Ne7 17. Qg5 Ng6 18. Rf1 Qc7 19. f4 Qe7 20. Qg4 Rd4 21. Re3 0-0 22. Rh3 Rfd8 23. Qh5 Nf8 24. f5 exf5 25. Rxf5 g6 26. Qg5 Rd1+ 27. Kf2 R8d2+ 28. Kg3 Qxg5+ 29. Rxg5 Rxc2 30. Rg4 Rxa2 31. Kh4 c2 32. Rc3 c1Q 33. Rxc1 Rxc1 0-1